<?xml version="1.0" encoding="UTF-8"?>
<record
    xmlns:xsi="http://www.w3.org/2001/XMLSchema-instance"
    xsi:schemaLocation="http://www.loc.gov/MARC21/slim http://www.loc.gov/standards/marcxml/schema/MARC21slim.xsd"
    xmlns="http://www.loc.gov/MARC21/slim">

  <leader>01959    a2200349   4500</leader>
  <controlfield tag="003">NALT</controlfield>
  <controlfield tag="005">20250813155238.0</controlfield>
  <controlfield tag="008">250619b        th ||||| |||| 00| 0 tha d</controlfield>
  <datafield tag="020" ind1=" " ind2=" ">
    <subfield code="a">9786164861053</subfield>
  </datafield>
  <datafield tag="040" ind1=" " ind2=" ">
    <subfield code="a">NALT </subfield>
  </datafield>
  <datafield tag="041" ind1="1" ind2=" ">
    <subfield code="a">tha</subfield>
    <subfield code="h">eng</subfield>
  </datafield>
  <datafield tag="050" ind1=" " ind2=" ">
    <subfield code="a">DC 373.B4</subfield>
    <subfield code="b">&#xE27;916&#xE2D; 2567</subfield>
  </datafield>
  <datafield tag="100" ind1="1" ind2=" ">
    <subfield code="a">&#xE40;&#xE27;&#xE40;&#xE1A;&#xE2D;&#xE23;&#xE4C;, &#xE2D;&#xE31;&#xE19;&#xE19;&#xE4C;.</subfield>
    <subfield code="9">66154</subfield>
  </datafield>
  <datafield tag="245" ind1="1" ind2="0">
    <subfield code="a">&#xE2D;&#xE31;&#xE19;&#xE40;&#xE19;&#xE47;&#xE15;&#xE15;&#xE4C; &#xE21;&#xE2B;&#xE32;&#xE01;&#xE32;&#xE1E;&#xE22;&#xE4C;&#xE27;&#xE35;&#xE23;&#xE2A;&#xE15;&#xE23;&#xE35; = </subfield>
    <subfield code="b">Annette, ein  heldinnenepos /</subfield>
    <subfield code="c">&#xE2D;&#xE31;&#xE19;&#xE19;&#xE4C; &#xE40;&#xE27;&#xE40;&#xE1A;&#xE2D;&#xE23;&#xE4C; ; &#xE40;&#xE1A;&#xE0D;&#xE08;&#xE21;&#xE32; &#xE2D;&#xE19;&#xE31;&#xE19;&#xE15;&#xE1E;&#xE07;&#xE28;&#xE4C; &#xE2E;&#xE32;&#xE23;&#xE4C;&#xE17;&#xE27;&#xE34;&#xE0A;, &#xE41;&#xE1B;&#xE25;.</subfield>
  </datafield>
  <datafield tag="246" ind1="3" ind2="1">
    <subfield code="a">Annette, ein heldinnenepos</subfield>
  </datafield>
  <datafield tag="250" ind1=" " ind2=" ">
    <subfield code="a">&#xE1E;&#xE34;&#xE21;&#xE1E;&#xE4C;&#xE04;&#xE23;&#xE31;&#xE49;&#xE07;&#xE41;&#xE23;&#xE01;.</subfield>
  </datafield>
  <datafield tag="260" ind1=" " ind2=" ">
    <subfield code="a">&#xE01;&#xE23;&#xE38;&#xE07;&#xE40;&#xE17;&#xE1E;&#xE2F; :</subfield>
    <subfield code="b">&#xE40;&#xE04;&#xE25;&#xE47;&#xE14;&#xE44;&#xE17;&#xE22;,</subfield>
    <subfield code="c">2567.</subfield>
  </datafield>
  <datafield tag="300" ind1=" " ind2=" ">
    <subfield code="a">315 &#xE2B;&#xE19;&#xE49;&#xE32; ;</subfield>
    <subfield code="c">21 &#xE0B;&#xE21;.</subfield>
  </datafield>
  <datafield tag="505" ind1="0" ind2=" ">
    <subfield code="a">&#xE04;&#xE33;&#xE19;&#xE33;&#xE1C;&#xE39;&#xE49;&#xE41;&#xE1B;&#xE25; -- &#xE2D;&#xE31;&#xE19;&#xE40;&#xE19;&#xE47;&#xE15;&#xE15;&#xE4C; &#xE21;&#xE2B;&#xE32;&#xE01;&#xE32;&#xE1E;&#xE22;&#xE4C;&#xE27;&#xE35;&#xE23;&#xE2A;&#xE15;&#xE23;&#xE35; -- &#xE19;&#xE32;&#xE21;&#xE32;&#xE19;&#xE38;&#xE01;&#xE23;&#xE21; -- &#xE1B;&#xE23;&#xE30;&#xE27;&#xE31;&#xE15;&#xE34;&#xE1C;&#xE39;&#xE49;&#xE41;&#xE1B;&#xE25;.</subfield>
  </datafield>
  <datafield tag="600" ind1="1" ind2="4">
    <subfield code="a">&#xE42;&#xE1A;&#xE21;&#xE32;&#xE19;&#xE31;&#xE27;&#xE23;&#xE4C;, &#xE2D;&#xE31;&#xE19;&#xE40;&#xE19;&#xE47;&#xE15;&#xE15;&#xE4C;</subfield>
    <subfield code="x">&#xE0A;&#xE35;&#xE27;&#xE1B;&#xE23;&#xE30;&#xE27;&#xE31;&#xE15;&#xE34;</subfield>
    <subfield code="9">66213</subfield>
  </datafield>
  <datafield tag="650" ind1=" " ind2="4">
    <subfield code="a">&#xE2A;&#xE15;&#xE23;&#xE35;</subfield>
    <subfield code="x">&#xE01;&#xE34;&#xE08;&#xE01;&#xE23;&#xE23;&#xE21;&#xE17;&#xE32;&#xE07;&#xE01;&#xE32;&#xE23;&#xE40;&#xE21;&#xE37;&#xE2D;&#xE07;</subfield>
    <subfield code="9">21977</subfield>
  </datafield>
  <datafield tag="650" ind1=" " ind2="4">
    <subfield code="a">&#xE2A;&#xE07;&#xE04;&#xE23;&#xE32;&#xE21;&#xE42;&#xE25;&#xE01;, &#xE04;.&#xE28;. 1939-1945</subfield>
    <subfield code="x">&#xE07;&#xE32;&#xE19;&#xE43;&#xE15;&#xE49;&#xE14;&#xE34;&#xE19;  </subfield>
    <subfield code="z">&#xE1D;&#xE23;&#xE31;&#xE48;&#xE07;&#xE40;&#xE28;&#xE2A;</subfield>
    <subfield code="9">66208</subfield>
  </datafield>
  <datafield tag="650" ind1=" " ind2="4">
    <subfield code="a">&#xE04;&#xE2D;&#xE21;&#xE21;&#xE34;&#xE27;&#xE19;&#xE34;&#xE2A;&#xE15;&#xE4C;</subfield>
    <subfield code="z">&#xE1D;&#xE23;&#xE31;&#xE48;&#xE07;&#xE40;&#xE28;&#xE2A;</subfield>
    <subfield code="y">&#xE28;&#xE15;&#xE27;&#xE23;&#xE23;&#xE29;&#xE17;&#xE35;&#xE48; 20</subfield>
    <subfield code="9">66210</subfield>
  </datafield>
  <datafield tag="651" ind1=" " ind2="4">
    <subfield code="a">&#xE41;&#xE2D;&#xE25;&#xE08;&#xE35;&#xE40;&#xE23;&#xE35;&#xE22;</subfield>
    <subfield code="x">&#xE1B;&#xE23;&#xE30;&#xE27;&#xE31;&#xE15;&#xE34;&#xE28;&#xE32;&#xE2A;&#xE15;&#xE23;&#xE4C; </subfield>
    <subfield code="y">&#xE1B;&#xE0F;&#xE34;&#xE27;&#xE31;&#xE15;&#xE34;, &#xE04;.&#xE28;. 1954-1962</subfield>
    <subfield code="9">66209</subfield>
  </datafield>
  <datafield tag="700" ind1="1" ind2=" ">
    <subfield code="a">Weber, Anne</subfield>
    <subfield code="9">66212</subfield>
  </datafield>
  <datafield tag="700" ind1="0" ind2=" ">
    <subfield code="a">&#xE40;&#xE1A;&#xE0D;&#xE08;&#xE21;&#xE32; &#xE2D;&#xE19;&#xE31;&#xE19;&#xE15;&#xE1E;&#xE07;&#xE28;&#xE4C; &#xE2E;&#xE32;&#xE23;&#xE4C;&#xE17;&#xE27;&#xE34;&#xE0A;</subfield>
    <subfield code="9">66211</subfield>
  </datafield>
  <datafield tag="942" ind1=" " ind2=" ">
    <subfield code="c">GB</subfield>
    <subfield code="2">lcc</subfield>
  </datafield>
  <datafield tag="996" ind1=" " ind2=" ">
    <subfield code="a">jidapa.t</subfield>
    <subfield code="b">ACQSTF</subfield>
    <subfield code="c">2025-06-19</subfield>
  </datafield>
  <datafield tag="996" ind1=" " ind2=" ">
    <subfield code="a">varee.k</subfield>
    <subfield code="b">LIBSTF</subfield>
    <subfield code="c">2025-06-20</subfield>
  </datafield>
  <datafield tag="996" ind1=" " ind2=" ">
    <subfield code="a">saiphon.d</subfield>
    <subfield code="b">CATSTF	</subfield>
    <subfield code="c">2025-06-26</subfield>
  </datafield>
  <datafield tag="999" ind1=" " ind2=" ">
    <subfield code="c">106695</subfield>
    <subfield code="d">106695</subfield>
  </datafield>
  <datafield tag="998" ind1=" " ind2=" ">
    <subfield code="j">8</subfield>
    <subfield code="k"> &#xE19;&#xE32;&#xE22;&#xE1A;&#xE31;&#xE13;&#xE11;&#xE34;&#xE15;  &#xE2D;&#xE38;&#xE17;&#xE32;&#xE27;&#xE07;&#xE04;&#xE4C;</subfield>
  </datafield>
  <datafield tag="952" ind1=" " ind2=" ">
    <subfield code="0">0</subfield>
    <subfield code="1">0</subfield>
    <subfield code="2">lcc</subfield>
    <subfield code="4">0</subfield>
    <subfield code="7">0</subfield>
    <subfield code="8">CGBL</subfield>
    <subfield code="a">NALT</subfield>
    <subfield code="b">NALT</subfield>
    <subfield code="c">GEN</subfield>
    <subfield code="d">2025-06-05</subfield>
    <subfield code="e">192</subfield>
    <subfield code="l">1</subfield>
    <subfield code="o">DC 373.B4 &#xE27;916&#xE2D; 2567</subfield>
    <subfield code="p">3961215223</subfield>
    <subfield code="r">2025-08-19 00:00:00</subfield>
    <subfield code="s">2025-08-13</subfield>
    <subfield code="w">2025-06-05</subfield>
    <subfield code="y">GB</subfield>
  </datafield>
</record>
